Statistiche per Elenca la formazione - Finale UEFA Europa Conference League 2021-2022

Clicka qui per fare il quiz!

Statistiche generali

  • Questo quiz è stato fatto 3 volte
  • Il punteggio medio è 13 su 22

Statistiche sulle risposte

RuoloNazioneCalciatore% Corretto
DifensoreInghilterraChris Smalling
100%
CentrocampistaArmeniaHenrikh Mkhitaryan
100%
TrequartistaItaliaLorenzo Pellegrini
100%
CentrocampistaPoloniaNicola Zalewski
100%
TrequartistaItaliaNicolò Zaniolo
100%
PortierePortogalloRui Patrício
100%
AttaccanteInghilterraTammy Abraham
100%
CentrocampistaItaliaBryan Cristante
67%
DifensoreItaliaGianluca Mancini
67%
DifensoreBrasileRoger Ibañez
67%
AttaccanteNigeriaCyriel Dessers
33%
CentrocampistaNorvegiaFredrik Aursnes
33%
DifensoreAustriaGernot Trauner
33%
PortierePaesi BassiJustin Bijlow
33%
AAttaccanteColombiaLuis Sinisterra
33%
DifensorePaesi BassiLutsharel Geertruida
33%
DifensoreArgentinaMarcos Senesi
33%
CentrocampistaTurchiaOrkun Kökçü
33%
AttaccanteInghilterraReiss Nelson
33%
CentrocampistaPaesi BassRick Karsdorp
33%
DifensorePaesi BassiTyrell Malacia
33%
CentrocampistaPaesi BassiGuus Til
0%

Distribuzione punteggi

Percentile per numero di risposta

Percentuale di utenti per punteggio

I tuoi punteggi nel tempo

Non hai fatto questo quiz